Normal view
MARC view
- Hammer, Mark J.,
Entry Personal Name
001 - CONTROL NUMBER
- control field: 18316
003 - CONTROL NUMBER IDENTIFIER
- control field: NUST
005 - DATE AND TIME OF LATEST TRANSACTION
- control field: 20190723061407.0
008 - FIXED-LENGTH DATA ELEMENTS
- fixed length control field: 190723|| aca||aabn | a|a d
040 ## - CATALOGING SOURCE
- Original cataloging agency: NUST
- Transcribing agency: NUST
100 ## - HEADING--PERSONAL NAME
- Personal name: Hammer, Mark J.,
- Dates associated with a name: 1957-
670 ## - SOURCE DATA FOUND
- Source citation: Work cat.: (NUST)0: Hammer, Mark J., 1931- 6186, Water and wastewater technology /, 2012.
